00561nam a2200169 a 4500008004100000020001500041050001900056100002000075245006800095260004500163300002200208350000900230490004700239500001700286650004800303650004000351120416s1980 ||||||||||||||||| || u a0256023603 aHF 5681.B2 Mey aMeyer, Philip E10aApplied accounting theory : a financial reporting perspective / aHomewood, Ill. :bRichard D. Irwinc1980 axiv, 528p. : ill. a0.00 aThe Willard J. Graham series in accounting aBibliography aFINANCIAL STATEMENTS--COPPERBELT UNIVERSITY 0aACCOUNTING--HANDBOOKS, MANUALS, ETC